<?xml version="1.0" encoding="UTF-8"?>
<marc:record xmlns:marc="http://www.loc.gov/MARC21/slim">
   <marc:leader>00000nam a2200000 a 4500</marc:leader>
   <marc:datafield ind1="1" ind2=" " tag="100">
      <marc:subfield code="a">Sailer, Gregor</marc:subfield>
      <marc:subfield code="4">aut</marc:subfield>
      <marc:subfield code="e">Verfasser/-in</marc:subfield>
   </marc:datafield>
   <marc:datafield ind1="1" ind2=" " tag="100">
      <marc:subfield code="a">McClements, David Julian</marc:subfield>
      <marc:subfield code="4">aut</marc:subfield>
      <marc:subfield code="e">Verfasser/-in</marc:subfield>
   </marc:datafield>
   <marc:datafield ind1="0" ind2="0" tag="245">
      <marc:subfield code="a">Gregor Sailer</marc:subfield>
   </marc:datafield>
   <marc:datafield ind1="0" ind2="0" tag="245">
      <marc:subfield code="b">Cockaigne</marc:subfield>
   </marc:datafield>
   <marc:datafield ind1="0" ind2="0" tag="245">
      <marc:subfield code="c">Sailer, Gregor</marc:subfield>
   </marc:datafield>
   <marc:datafield ind1=" " ind2="1" tag="264">
      <marc:subfield code="a">Heidelberg</marc:subfield>
      <marc:subfield code="b">KEHRER Verlag</marc:subfield>
      <marc:subfield code="c">2025</marc:subfield>
   </marc:datafield>
   <marc:datafield ind1="1" ind2=" " tag="520">
      <marc:subfield code="a">Die Zukunft der Ernährung angesichts wachsender Weltbevölkerung und der Klimakrise&#xD;
Märchenhafte Lebensmittelwälder in der Sahara und karge Lebensmittelwüsten im eisigen Norden, Testanlagen für die Koloni- sation von Mars und Mond, Hightech-Produktionsstätten für künstliches Fleisch, Algen, Insekten und Quallen, unzugängliche For- schungsanlagen zur Viren- und Zellzucht. Unterirdische und vertikale urbane Farmen, riesige robotisierte Gewächshäuser und Serverfarmen – Sailers mit der analogen Fachkamera im Großformat aufgenommene Bilder gewähren Zugang zu einer sonst verschlossenen Welt aus technoider Science-Fiction, Innovationen und Illusionen, surrealen Architekturen und künstlichen Landschaften.&#xD;
Gregor Sailers (*1980) Arbeiten wurden in zahlreichen Ausstellungen gezeigt und sind in öffentlichen und privaten Sammlungen. Cockaigne ist sein fünftes Buch im Kehrer Verlag. Der Titel rekurriert auf einen mittelalterlichen Mythos vom Schlaraffenland.</marc:subfield>
   </marc:datafield>
   <marc:datafield ind1=" " ind2=" " tag="020">
      <marc:subfield code="a">9783969002124</marc:subfield>
      <marc:subfield code="9">9783969002124</marc:subfield>
   </marc:datafield>
   <marc:datafield ind1=" " ind2=" " tag="020">
      <marc:subfield code="a">3969002125</marc:subfield>
      <marc:subfield code="9">3969002125</marc:subfield>
   </marc:datafield>
   <marc:datafield ind1=" " ind2=" " tag="041">
      <marc:subfield code="a">eng</marc:subfield>
   </marc:datafield>
   <marc:datafield ind1=" " ind2=" " tag="300">
      <marc:subfield code="b">151 Illustrationen</marc:subfield>
   </marc:datafield>
   <marc:datafield ind1=" " ind2=" " tag="338">
      <marc:subfield code="a">Band</marc:subfield>
   </marc:datafield>
   <marc:datafield ind1=" " ind2=" " tag="300">
      <marc:subfield code="a">296 Seiten</marc:subfield>
   </marc:datafield>
</marc:record>
